000 00373nam a2200145Ia 4500
008 230917s9999||||xx |||||||||||||| ||und||
040 _e121539
_aMAIN
041 _aEnglish
082 _a005.74 G412F
100 _aGillenson, Mark L
245 0 _aFundamentals of Database Management Systems
260 _aNew Delhi
_bWiley India
_c2005
300 _a366 p.
942 _cBK
999 _c147333
_d147333